000 00860nam a2200241Ia 4500
003 OSt
005 20220923213936.0
006 a|||||r|||| 00| 0
007 ta
008 220922b |||||||| |||| 00| 0 hin d
024 _a165,744
037 _cTextual
040 _aARTS
_cARTS
_bhin
041 _2hin
_ahin
082 _aO152,1J32,11:g, K2
100 _aभाग्यवती सिंह
245 0 _aतुलसी मानस रत्नाकर
_b तुलसी साहित्य का कर्वागीण विवेचन
246 _aTulasī mānas ratnākara: tulasī sāhitya kā karvāgīṇ vivechana
260 _c1962
650 _aहिन्दी साहित्य
_9156264
942 _hO152,1J32,11:g, K2
_cTEXL
_2CC
999 _c320223
_d320223